00902nam a2200169 i 450000100060000000300090000600500170001500700030003200800410003524504230007626000600049930000300055961000500058970000310063970000300067085200320070093422ES-MaACL20250819081313.0t|050526q19301939sp ||||1| spa d00aLibro de oro del Partido Republicano Radical b: historia de la organización desde su iniciación en los partidos republicanos históricos hasta el 31 de diciembre de 1934, siendo en esta fecha Presidente de la República D. Niceto Alcalá-Zamora y Jefe del Gobierno D. Alejandro Lerroux / cdirector literario Antonio Marsá Bragado ... Promotor y uno de los redactores políticos... Bernardo Izcaray Calzada. aMadrid : b[s.n., c193-?] (fSucesores de Rivadeneyra) a572 p. : bil. ; c35 cm.24aPartido Republicano Federal (España. 1930) 1 aIzcaray Calzada, Bernardo.1 aMarsá Bragado, Antonio. aES-MaACLjF-15799 bR.20218